[Event "Masters Tournament (MTO)"]
[Site "Biel, CH"]
[Date "2025.07.16"]
[Round "3"]
[White "Cervelli, Eduard"]
[Black "Deshpande, Aniruddha"]
[Result "*"]
[Board "22"]
[WhiteFideId "1351800"]
[BlackFideId "5021774"]
[BlackTitle "FM"]
[WhiteElo "2086"]
[BlackElo "2263"]
[WhiteTeam "SUI"]
[BlackTeam "IND"]
[WhiteClock "0:20:28"]
[BlackClock "0:14:46"]
[Variant "Standard"]

1. e4 {[%clk 1:40:57]}  c5 {[%clk 1:40:49]} 2. Nf3 {[%clk 1:41:08]}  g6 {[%clk 1:39:57]} 3. g3 {[%clk 1:41:06]}  Nc6 {[%clk 1:40:10]} 4. Bg2 {[%clk 1:41:19]}  Bg7 {[%clk 1:40:30]} 5. O-O {[%clk 1:41:33]}  d6 {[%clk 1:40:31]} 6. c3 {[%clk 1:41:39]}  e5 {[%clk 1:38:32]} 7. d3 {[%clk 1:41:47]}  Nge7 {[%clk 1:38:54]} 8. a3 {[%clk 1:42:10]}  O-O {[%clk 1:38:52]} 9. b4 {[%clk 1:42:32]}  h6 {[%clk 1:30:59]} 10. b5 {[%clk 1:41:26]}  Nb8 {[%clk 1:30:42]} 11. a4 {[%clk 1:40:07]}  f5 {[%clk 1:29:54]} 12. Bb2 {[%clk 1:39:34]}  Nd7 {[%clk 1:28:46]} 13. c4 {[%clk 1:37:27]}  f4 {[%clk 1:20:21]} 14. h4 {[%clk 1:29:42]}  Nf6 {[%clk 1:24:36]} 15. Nbd2 {[%clk 1:20:43]}  Nh5 {[%clk 1:18:02]} 16. Qe1 {[%clk 1:12:11]}  Be6 {[%clk 1:12:26]} 17. Kh1 {[%clk 1:04:35]}  Qd7 {[%clk 1:11:21]} 18. Rg1 {[%clk 1:03:33]}  Rf7 {[%clk 0:56:03]} 19. Nh2 {[%clk 0:50:32]}  g5 {[%clk 1:00:11]} 20. Bf3 {[%clk 0:47:11]}  g4 {[%clk 0:52:03]} 21. Be2 {[%clk 0:46:52]}  Raf8 {[%clk 0:50:36]} 22. Ndf1 {[%clk 0:39:24]}  Kh7 {[%clk 0:48:30]} 23. f3 {[%clk 0:08:53]}  fxg3 {[%clk 0:22:24]} 24. Nxg3 {[%clk 0:05:27]}  gxf3 {[%clk 0:17:33]} 25. Bxf3 {[%clk 0:34:33]}  Nf4 {[%clk 0:17:25]} 26. Qe3 {[%clk 0:34:04]}  Neg6 {[%clk 0:17:15]} 27. Bh5 {[%clk 0:20:28]}  Bf6 {[%clk 0:14:46]} *

[Event "Masters Tournament (MTO)"]
[Site "Biel, CH"]
[Date "2025.07.16"]
[Round "3"]
[White "Wuebker, Paul-Luca"]
[Black "Hu, Yu A."]
[Result "*"]
[Board "23"]
[WhiteFideId "12939528"]
[BlackFideId "8609993"]
[WhiteTitle "CM"]
[WhiteElo "2250"]
[BlackElo "2079"]
[WhiteTeam "GER"]
[BlackTeam "CHN"]
[WhiteClock "0:06:05"]
[BlackClock "0:11:16"]
[Variant "Standard"]

1. d4 {[%clk 1:40:55]}  Nf6 {[%clk 1:40:30]} 2. c4 {[%clk 1:41:18]}  e6 {[%clk 1:40:50]} 3. Nf3 {[%clk 1:41:43]}  h6 {[%clk 1:40:04]} 4. Nc3 {[%clk 1:39:51]}  Bb4 {[%clk 1:39:54]} 5. Qc2 {[%clk 1:40:16]}  c5 {[%clk 1:39:01]} 6. a3 {[%clk 1:36:49]}  Bxc3+ {[%clk 1:35:51]} 7. Qxc3 {[%clk 1:37:10]}  cxd4 {[%clk 1:17:00]} 8. Nxd4 {[%clk 1:37:07]}  O-O {[%clk 1:17:22]} 9. b3 {[%clk 1:26:45]}  d5 {[%clk 1:17:23]} 10. cxd5 {[%clk 1:23:44]}  e5 {[%clk 1:09:25]} 11. Nb5 {[%clk 1:08:52]}  Nxd5 {[%clk 1:08:48]} 12. Qd2 {[%clk 1:05:39]}  Nc6 {[%clk 1:07:10]} 13. e3 {[%clk 0:45:33]}  Be6 {[%clk 1:04:42]} 14. Qb2 {[%clk 0:37:31]}  Rc8 {[%clk 1:00:02]} 15. Bd2 {[%clk 0:37:22]}  Nf6 {[%clk 0:54:20]} 16. Rd1 {[%clk 0:33:59]}  Qb6 {[%clk 0:51:47]} 17. b4 {[%clk 0:23:49]}  Rfd8 {[%clk 0:46:49]} 18. Be2 {[%clk 0:20:48]}  Ne4 {[%clk 0:45:23]} 19. Nc3 {[%clk 0:15:57]}  Nd6 {[%clk 0:36:13]} 20. Na4 {[%clk 0:15:23]}  Qc7 {[%clk 0:36:38]} 21. Rc1 {[%clk 0:15:44]}  b5 {[%clk 0:34:16]} 22. Nc5 {[%clk 0:15:41]}  Bc4 {[%clk 0:34:19]} 23. Bd1 {[%clk 0:13:35]}  Qe7 {[%clk 0:29:41]} 24. Bc3 {[%clk 0:10:48]}  Nf5 {[%clk 0:25:51]} 25. Be2 {[%clk 0:09:36]}  Qg5 {[%clk 0:22:19]} 26. O-O {[%clk 0:08:03]}  Re8 {[%clk 0:11:16]} 27. Bxc4 {[%clk 0:06:05]} *

[Event "Masters Tournament (MTO)"]
[Site "Biel, CH"]
[Date "2025.07.16"]
[Round "3"]
[White "Haugner, Jan"]
[Black "Chen, Zhi"]
[Result "*"]
[Board "24"]
[WhiteFideId "24655244"]
[BlackFideId "8619549"]
[WhiteElo "2066"]
[BlackElo "2246"]
[WhiteTeam "GER"]
[BlackTeam "CHN"]
[WhiteClock "0:02:52"]
[BlackClock "0:19:12"]
[Variant "Standard"]

1. e4 {[%clk 1:40:58]}  c5 {[%clk 1:40:52]} 2. Nf3 {[%clk 1:41:23]}  Nf6 {[%clk 1:41:06]} 3. e5 {[%clk 1:41:36]}  Nd5 {[%clk 1:41:26]} 4. Nc3 {[%clk 1:41:42]}  e6 {[%clk 1:41:43]} 5. Nxd5 {[%clk 1:40:21]}  exd5 {[%clk 1:42:08]} 6. d4 {[%clk 1:39:47]}  Nc6 {[%clk 1:42:19]} 7. dxc5 {[%clk 1:39:24]}  Bxc5 {[%clk 1:42:45]} 8. Qxd5 {[%clk 1:38:30]}  d6 {[%clk 1:43:09]} 9. Ng5 {[%clk 1:05:25]}  Qa5+ {[%clk 1:29:41]} 10. Kd1 {[%clk 1:02:55]}  Bg4+ {[%clk 1:02:04]} 11. f3 {[%clk 0:59:39]}  O-O-O {[%clk 1:01:56]} 12. e6 {[%clk 0:52:17]}  fxe6 {[%clk 0:49:17]} 13. Qd2 {[%clk 0:37:56]}  Bb4 {[%clk 0:37:00]} 14. c3 {[%clk 0:41:47]}  Bf5 {[%clk 0:37:03]} 15. Nf7 {[%clk 0:36:46]}  Bc5 {[%clk 0:36:42]} 16. Nxh8 {[%clk 0:35:53]}  Rxh8 {[%clk 0:36:59]} 17. Bd3 {[%clk 0:35:44]}  Bb6 {[%clk 0:33:15]} 18. Bxf5 {[%clk 0:31:40]}  Qxf5 {[%clk 0:31:50]} 19. Re1 {[%clk 0:26:50]}  d5 {[%clk 0:30:25]} 20. Qc2 {[%clk 0:25:24]}  Qf6 {[%clk 0:29:51]} 21. Bd2 {[%clk 0:20:33]}  d4 {[%clk 0:28:49]} 22. Qe4 {[%clk 0:18:55]}  e5 {[%clk 0:28:07]} 23. Kc2 {[%clk 0:17:24]}  Qf7 {[%clk 0:27:12]} 24. b3 {[%clk 0:15:18]}  Kb8 {[%clk 0:26:32]} 25. c4 {[%clk 0:13:30]}  Bc7 {[%clk 0:25:42]} 26. Rf1 {[%clk 0:12:53]}  Qh5 {[%clk 0:25:43]} 27. h4 {[%clk 0:09:18]}  Rd8 {[%clk 0:19:41]} 28. Kd3 {[%clk 0:08:04]}  h6 {[%clk 0:19:39]} 29. g3 {[%clk 0:07:52]}  Ne7 {[%clk 0:17:57]} 30. Rae1 {[%clk 0:05:31]}  Ng8 {[%clk 0:19:12]} 31. Kc2 {[%clk 0:02:52]} *

[Event "Masters Tournament (MTO)"]
[Site "Biel, CH"]
[Date "2025.07.16"]
[Round "3"]
[White "Soo, Kai Jie"]
[Black "Kanana, Ziad"]
[Result "1-0"]
[Board "25"]
[WhiteFideId "5803454"]
[BlackFideId "1346911"]
[WhiteTitle "FM"]
[WhiteElo "2240"]
[BlackElo "2062"]
[WhiteTeam "AUS"]
[BlackTeam "SUI"]
[WhiteClock "0:40:30"]
[BlackClock "0:01:32"]
[Variant "Standard"]

1. d4 {[%clk 1:37:44]}  Nf6 {[%clk 1:40:54]} 2. c4 {[%clk 1:38:06]}  e6 {[%clk 1:41:19]} 3. g3 {[%clk 1:38:31]}  Bb4+ {[%clk 1:41:39]} 4. Bd2 {[%clk 1:38:53]}  Be7 {[%clk 1:42:05]} 5. Bg2 {[%clk 1:39:14]}  d5 {[%clk 1:42:23]} 6. Nf3 {[%clk 1:39:37]}  O-O {[%clk 1:42:37]} 7. O-O {[%clk 1:39:54]}  Nbd7 {[%clk 1:42:41]} 8. Qc2 {[%clk 1:40:09]}  c6 {[%clk 1:43:03]} 9. Rd1 {[%clk 1:39:54]}  b6 {[%clk 1:43:19]} 10. b3 {[%clk 1:40:15]}  a5 {[%clk 1:43:33]} 11. Bf4 {[%clk 1:36:36]}  Nh5 {[%clk 1:19:51]} 12. Bc1 {[%clk 1:36:08]}  Ba6 {[%clk 1:19:12]} 13. e4 {[%clk 1:36:09]}  Nhf6 {[%clk 1:13:01]} 14. Nbd2 {[%clk 1:36:17]}  Rc8 {[%clk 1:11:58]} 15. Bb2 {[%clk 1:36:37]}  c5 {[%clk 1:10:33]} 16. exd5 {[%clk 1:36:47]}  exd5 {[%clk 1:10:36]} 17. Rac1 {[%clk 1:35:19]}  b5 {[%clk 0:56:08]} 18. cxd5 {[%clk 1:22:13]}  c4 {[%clk 0:46:12]} 19. bxc4 {[%clk 1:26:50]}  bxc4 {[%clk 0:46:28]} 20. Ne5 {[%clk 1:26:46]}  Nb6 {[%clk 0:45:40]} 21. Ne4 {[%clk 1:10:47]}  Nfxd5 {[%clk 0:42:13]} 22. Nc5 {[%clk 1:05:57]}  Bb5 {[%clk 0:40:12]} 23. Qd2 {[%clk 0:42:20]}  Nb4 {[%clk 0:23:21]} 24. a3 {[%clk 0:48:01]}  Nc6 {[%clk 0:17:06]} 25. a4 {[%clk 0:45:54]}  Bxc5 {[%clk 0:13:42]} 26. axb5 {[%clk 0:46:13]}  Bb4 {[%clk 0:13:23]} 27. Qe3 {[%clk 0:46:17]}  Nxe5 {[%clk 0:12:51]} 28. dxe5 {[%clk 0:46:38]}  Qc7 {[%clk 0:11:39]} 29. Bc6 {[%clk 0:46:56]}  Rfd8 {[%clk 0:09:38]} 30. e6 {[%clk 0:41:06]}  f6 {[%clk 0:09:26]} 31. Bd4 {[%clk 0:39:07]}  Nd5 {[%clk 0:07:14]} 32. Qe2 {[%clk 0:38:57]}  c3 {[%clk 0:06:49]} 33. Qc4 {[%clk 0:39:00]}  Kh8 {[%clk 0:04:56]} 34. Bc5 {[%clk 0:38:33]}  Nb6 {[%clk 0:04:24]} 35. Bxb6 {[%clk 0:38:23]}  Qxb6 {[%clk 0:04:33]} 36. Rd7 {[%clk 0:38:20]}  Rxd7 {[%clk 0:03:43]} 37. exd7 {[%clk 0:38:48]}  Rf8 {[%clk 0:03:27]} 38. Re1 {[%clk 0:38:46]}  Qc5 {[%clk 0:02:26]} 39. Qxc5 {[%clk 0:39:03]}  Bxc5 {[%clk 0:02:51]} 40. Re8 {[%clk 0:39:26]}  c2 {[%clk 0:02:19]} 41. d8=Q {[%clk 0:39:46]}  c1=Q+ {[%clk 0:02:35]} 42. Kg2 {[%clk 0:40:08]}  Qa3 {[%clk 0:01:32]} 43. b6 {[%clk 0:40:30]} 1-0

[Event "Masters Tournament (MTO)"]
[Site "Biel, CH"]
[Date "2025.07.16"]
[Round "3"]
[White "Saminskij, Jan"]
[Black "Artan, Tamir"]
[Result "*"]
[Board "26"]
[WhiteFideId "1346962"]
[BlackFideId "1346865"]
[WhiteElo "2230"]
[BlackElo "2054"]
[WhiteTeam "SUI"]
[BlackTeam "SUI"]
[WhiteClock "0:12:53"]
[BlackClock "0:12:46"]
[Variant "Standard"]

1. e4 {[%clk 1:40:45]}  e5 {[%clk 1:39:54]} 2. Nf3 {[%clk 1:40:05]}  Nc6 {[%clk 1:40:22]} 3. Bc4 {[%clk 1:40:08]}  Bc5 {[%clk 1:40:47]} 4. d3 {[%clk 1:40:27]}  Nf6 {[%clk 1:41:11]} 5. Nbd2 {[%clk 1:40:02]}  a6 {[%clk 1:40:12]} 6. a4 {[%clk 1:36:05]}  O-O {[%clk 1:37:12]} 7. O-O {[%clk 1:35:47]}  d6 {[%clk 1:36:31]} 8. c3 {[%clk 1:35:33]}  Ba7 {[%clk 1:36:31]} 9. h3 {[%clk 1:35:33]}  Ne7 {[%clk 1:36:31]} 10. Re1 {[%clk 1:35:33]}  Ng6 {[%clk 1:36:31]} 11. b4 {[%clk 1:35:33]}  Re8 {[%clk 1:36:31]} 12. Nf1 {[%clk 1:35:33]}  c6 {[%clk 1:36:31]} 13. Bb3 {[%clk 1:35:33]}  Be6 {[%clk 1:36:31]} 14. Ng3 {[%clk 1:35:33]}  d5 {[%clk 1:36:31]} 15. Bg5 {[%clk 1:35:33]}  h6 {[%clk 1:17:03]} 16. Bd2 {[%clk 0:52:28]}  dxe4 {[%clk 1:08:01]} 17. dxe4 {[%clk 0:52:03]}  Bxb3 {[%clk 0:58:10]} 18. Qxb3 {[%clk 0:52:26]}  Nh4 {[%clk 0:58:10]} 19. Nxh4 {[%clk 0:52:26]}  Qxd2 {[%clk 0:49:24]} 20. Nh1 {[%clk 0:44:56]}  Qf4 {[%clk 0:46:37]} 21. g3 {[%clk 0:44:34]}  Qg5 {[%clk 0:46:43]} 22. Nf3 {[%clk 0:42:34]}  Qg6 {[%clk 0:43:20]} 23. Qc2 {[%clk 0:41:03]}  Rad8 {[%clk 0:43:20]} 24. Kh2 {[%clk 0:41:03]}  Rd6 {[%clk 0:43:20]} 25. Re2 {[%clk 0:22:40]}  Qh5 {[%clk 0:32:18]} 26. Kg2 {[%clk 0:36:50]}  Qg6 {[%clk 0:27:05]} 27. Nh4 {[%clk 0:32:03]}  Qg5 {[%clk 0:22:15]} 28. Nf3 {[%clk 0:23:00]}  Qg6 {[%clk 0:22:35]} 29. Nh4 {[%clk 0:18:59]}  Qg5 {[%clk 0:22:57]} 30. Rf1 {[%clk 0:16:09]}  Nh5 {[%clk 0:21:34]} 31. Nf5 {[%clk 0:09:32]}  Rdd8 {[%clk 0:12:46]} 32. h4 {[%clk 0:12:53]} *

[Event "Masters Tournament (MTO)"]
[Site "Biel, CH"]
[Date "2025.07.16"]
[Round "3"]
[White "Kwiatkowski, Jakub"]
[Black "Chen, Muxi"]
[Result "1/2-1/2"]
[Board "27"]
[WhiteFideId "1348736"]
[BlackFideId "8626073"]
[WhiteElo "2034"]
[BlackElo "2224"]
[WhiteTeam "SUI"]
[BlackTeam "CHN"]
[WhiteClock "0:17:52"]
[BlackClock "0:07:07"]
[Variant "Standard"]

1. e4 {[%clk 1:40:55]}  c5 {[%clk 1:40:19]} 2. Nf3 {[%clk 1:41:14]}  Nc6 {[%clk 1:40:41]} 3. Bb5 {[%clk 1:41:34]}  g6 {[%clk 1:39:18]} 4. O-O {[%clk 1:41:53]}  Bg7 {[%clk 1:39:43]} 5. c3 {[%clk 1:42:14]}  Nf6 {[%clk 1:39:50]} 6. Re1 {[%clk 1:42:36]}  O-O {[%clk 1:39:35]} 7. d4 {[%clk 1:42:57]}  d5 {[%clk 1:39:13]} 8. e5 {[%clk 1:43:18]}  Ne4 {[%clk 1:31:25]} 9. Bxc6 {[%clk 1:39:26]}  bxc6 {[%clk 1:35:35]} 10. Be3 {[%clk 1:39:47]}  Qb6 {[%clk 1:32:37]} 11. Qc1 {[%clk 1:39:30]}  Rb8 {[%clk 1:25:18]} 12. b3 {[%clk 1:35:08]}  f6 {[%clk 1:20:38]} 13. exf6 {[%clk 1:27:55]}  Bxf6 {[%clk 1:14:43]} 14. Nbd2 {[%clk 1:19:29]}  cxd4 {[%clk 1:11:25]} 15. Bxd4 {[%clk 1:07:47]}  Bxd4 {[%clk 0:57:57]} 16. cxd4 {[%clk 1:14:35]}  Bf5 {[%clk 0:47:00]} 17. Qb2 {[%clk 1:06:02]}  a5 {[%clk 0:27:48]} 18. Nxe4 {[%clk 1:01:27]}  dxe4 {[%clk 0:36:09]} 19. Nd2 {[%clk 0:47:38]}  Rbd8 {[%clk 0:24:12]} 20. Nxe4 {[%clk 0:41:34]}  Rxd4 {[%clk 0:23:17]} 21. Ng3 {[%clk 0:39:50]}  c5 {[%clk 0:05:41]} 22. Rxe7 {[%clk 0:33:09]}  Qf6 {[%clk 0:02:28]} 23. Ree1 {[%clk 0:30:03]}  Rfd8 {[%clk 0:11:33]} 24. Ne2 {[%clk 0:22:25]}  R4d6 {[%clk 0:10:53]} 25. Qxf6 {[%clk 0:24:24]}  Rxf6 {[%clk 0:11:19]} 26. Rad1 {[%clk 0:21:48]}  Rfd6 {[%clk 0:08:08]} 27. Rxd6 {[%clk 0:19:42]}  Rxd6 {[%clk 0:11:26]} 28. Ng3 {[%clk 0:19:51]}  Rd2 {[%clk 0:07:06]} 29. Nxf5 {[%clk 0:20:02]}  gxf5 {[%clk 0:05:42]} 30. Rc1 {[%clk 0:18:16]}  Rxa2 {[%clk 0:06:42]} 31. h4 {[%clk 0:18:03]}  a4 {[%clk 0:06:20]} 32. bxa4 {[%clk 0:17:45]}  Rxa4 {[%clk 0:06:47]} 33. Rxc5 {[%clk 0:17:52]}  Rxh4 {[%clk 0:07:07]} 1/2-1/2

[Event "Masters Tournament (MTO)"]
[Site "Biel, CH"]
[Date "2025.07.16"]
[Round "3"]
[White "Rappazzo, Johannes"]
[Black "Hoffmann, Achim Gunter"]
[Result "1-0"]
[Board "28"]
[WhiteFideId "1340069"]
[BlackFideId "3203840"]
[WhiteTitle "FM"]
[WhiteElo "2213"]
[BlackElo "2045"]
[WhiteTeam "SUI"]
[BlackTeam "AUS"]
[WhiteClock "0:11:36"]
[BlackClock "0:14:53"]
[Variant "Standard"]

1. e4 {[%clk 1:40:58]}  c5 {[%clk 1:40:50]} 2. Nf3 {[%clk 1:41:23]}  d6 {[%clk 1:41:16]} 3. d4 {[%clk 1:41:49]}  cxd4 {[%clk 1:41:42]} 4. Nxd4 {[%clk 1:42:14]}  Nf6 {[%clk 1:42:07]} 5. Nc3 {[%clk 1:42:41]}  a6 {[%clk 1:42:34]} 6. h3 {[%clk 1:43:06]}  e5 {[%clk 1:42:23]} 7. Nf3 {[%clk 1:43:32]}  Be7 {[%clk 1:42:12]} 8. g4 {[%clk 1:41:08]}  Be6 {[%clk 1:37:46]} 9. Ng5 {[%clk 1:34:39]}  Nc6 {[%clk 1:30:24]} 10. Nxe6 {[%clk 1:43:39]}  fxe6 {[%clk 1:19:46]} 11. g5 {[%clk 1:30:40]}  Nd7 {[%clk 1:30:57]} 12. Be3 {[%clk 1:12:37]}  Qa5 {[%clk 1:20:18]} 13. h4 {[%clk 1:05:01]}  Qb4 {[%clk 1:15:42]} 14. a3 {[%clk 1:00:01]}  Qa5 {[%clk 1:07:21]} 15. Bh3 {[%clk 0:57:07]}  Nf8 {[%clk 0:59:59]} 16. Qd2 {[%clk 0:36:20]}  Rd8 {[%clk 0:52:00]} 17. O-O-O {[%clk 0:37:45]}  b5 {[%clk 0:46:04]} 18. Na2 {[%clk 0:31:20]}  Qxd2+ {[%clk 0:43:49]} 19. Rxd2 {[%clk 0:27:13]}  d5 {[%clk 0:41:19]} 20. exd5 {[%clk 0:27:56]}  exd5 {[%clk 0:41:46]} 21. Bg2 {[%clk 0:17:32]}  Kd7 {[%clk 0:30:36]} 22. Bb6 {[%clk 0:07:17]}  d4 {[%clk 0:29:21]} 23. Bxd8 {[%clk 0:16:48]}  Bxd8 {[%clk 0:26:36]} 24. f4 {[%clk 0:14:12]}  exf4 {[%clk 0:24:18]} 25. Nb4 {[%clk 0:12:26]}  Nxb4 {[%clk 0:18:44]} 26. Rxd4+ {[%clk 0:12:48]}  Kc7 {[%clk 0:16:38]} 27. axb4 {[%clk 0:12:13]}  Ng6 {[%clk 0:15:59]} 28. Rhd1 {[%clk 0:11:12]}  Nxh4 {[%clk 0:15:54]} 29. Rd7+ {[%clk 0:11:27]}  Kc8 {[%clk 0:14:53]} 30. Bh3 {[%clk 0:11:36]} 1-0

[Event "Masters Tournament (MTO)"]
[Site "Biel, CH"]
[Date "2025.07.16"]
[Round "3"]
[White "Ho, Carter"]
[Black "Saxena, Vihaan"]
[Result "*"]
[Board "29"]
[WhiteFideId "30965292"]
[BlackFideId "30997780"]
[WhiteTitle "CM"]
[WhiteElo "2208"]
[BlackElo "2031"]
[WhiteTeam "USA"]
[BlackTeam "USA"]
[WhiteClock "0:33:41"]
[BlackClock "0:01:30"]
[Variant "Standard"]

1. e4 {[%clk 1:40:56]}  e5 {[%clk 1:38:21]} 2. Nf3 {[%clk 1:41:19]}  Nc6 {[%clk 1:38:25]} 3. Bc4 {[%clk 1:41:41]}  Nf6 {[%clk 1:38:26]} 4. d3 {[%clk 1:42:02]}  h6 {[%clk 1:37:46]} 5. O-O {[%clk 1:42:21]}  d6 {[%clk 1:37:36]} 6. c3 {[%clk 1:42:07]}  g5 {[%clk 1:36:11]} 7. a4 {[%clk 1:42:07]}  Bg7 {[%clk 1:36:24]} 8. Qb3 {[%clk 1:34:48]}  O-O {[%clk 1:24:16]} 9. a5 {[%clk 1:33:51]}  a6 {[%clk 1:25:20]} 10. Nbd2 {[%clk 1:26:20]}  Ne7 {[%clk 1:19:18]} 11. Qd1 {[%clk 1:19:35]}  Ng6 {[%clk 1:12:03]} 12. Bb3 {[%clk 1:12:27]}  Re8 {[%clk 1:08:05]} 13. h3 {[%clk 1:00:12]}  c6 {[%clk 1:00:42]} 14. Nc4 {[%clk 0:47:05]}  d5 {[%clk 0:47:13]} 15. Nb6 {[%clk 0:44:03]}  Rb8 {[%clk 0:47:05]} 16. Nxc8 {[%clk 0:40:25]}  Qxc8 {[%clk 0:42:18]} 17. Re1 {[%clk 0:52:25]}  dxe4 {[%clk 0:37:58]} 18. dxe4 {[%clk 0:49:12]}  Rd8 {[%clk 0:34:30]} 19. Qc2 {[%clk 0:45:27]}  Nh5 {[%clk 0:35:09]} 20. Nh2 {[%clk 0:40:06]}  Nhf4 {[%clk 0:33:05]} 21. Bxf4 {[%clk 0:39:44]}  exf4 {[%clk 0:30:38]} 22. e5 {[%clk 0:38:22]}  Ne7 {[%clk 0:18:59]} 23. e6 {[%clk 0:36:13]}  f5 {[%clk 0:18:34]} 24. Rad1 {[%clk 0:35:51]}  Kf8 {[%clk 0:17:35]} 25. Qe2 {[%clk 0:34:19]}  Rxd1 {[%clk 0:17:02]} 26. Rxd1 {[%clk 0:31:07]}  b6 {[%clk 0:13:46]} 27. axb6 {[%clk 0:34:26]}  g4 {[%clk 0:02:37]} 28. hxg4 {[%clk 0:34:49]}  Rxb6 {[%clk 0:02:56]} 29. gxf5 {[%clk 0:34:55]}  Qe8 {[%clk 0:02:11]} 30. Ng4 {[%clk 0:34:23]}  Nxf5 {[%clk 0:01:37]} 31. Qe4 {[%clk 0:33:18]}  Ne7 {[%clk 0:00:44]} 32. Qxf4+ {[%clk 0:33:31]}  Kg8 {[%clk 0:01:05]} 33. Qf7+ {[%clk 0:32:53]}  Qxf7 {[%clk 0:01:13]} 34. exf7+ {[%clk 0:33:17]}  Kh7 {[%clk 0:01:23]} 35. Nf6+ {[%clk 0:33:41]}  Kg6 {[%clk 0:01:30]} *

[Event "Masters Tournament (MTO)"]
[Site "Biel, CH"]
[Date "2025.07.16"]
[Round "3"]
[White "Stefan, Iulia-Cristiana"]
[Black "Shvedova, Alexandra"]
[Result "*"]
[Board "30"]
[WhiteFideId "1273876"]
[BlackFideId "54154782"]
[WhiteTitle "WCM"]
[BlackTitle "WFM"]
[WhiteElo "2017"]
[BlackElo "2204"]
[WhiteTeam "ROU"]
[BlackTeam "ITA"]
[WhiteClock "0:01:58"]
[BlackClock "0:18:19"]
[Variant "Standard"]

1. d4 {[%clk 1:40:57]}  d5 {[%clk 1:40:48]} 2. Nf3 {[%clk 1:41:18]}  Nf6 {[%clk 1:41:12]} 3. c4 {[%clk 1:41:43]}  dxc4 {[%clk 1:39:53]} 4. e3 {[%clk 1:41:06]}  e6 {[%clk 1:41:28]} 5. Bxc4 {[%clk 1:41:12]}  a6 {[%clk 1:41:46]} 6. O-O {[%clk 1:39:34]}  c5 {[%clk 1:41:59]} 7. b3 {[%clk 1:39:12]}  b6 {[%clk 1:41:59]} 8. Bb2 {[%clk 1:38:57]}  Bb7 {[%clk 1:41:30]} 9. Nbd2 {[%clk 1:38:53]}  Nbd7 {[%clk 1:33:39]} 10. Be2 {[%clk 1:27:22]}  Be7 {[%clk 1:39:34]} 11. Nc4 {[%clk 1:24:30]}  O-O {[%clk 1:32:28]} 12. Nce5 {[%clk 1:10:46]}  cxd4 {[%clk 1:22:22]} 13. Nxd7 {[%clk 1:10:39]}  Nxd7 {[%clk 1:18:49]} 14. exd4 {[%clk 1:10:34]}  Nf6 {[%clk 1:15:22]} 15. Ne5 {[%clk 1:09:44]}  Nd5 {[%clk 1:13:50]} 16. Bf3 {[%clk 1:09:09]}  Bg5 {[%clk 0:37:47]} 17. Re1 {[%clk 0:45:46]}  Rc8 {[%clk 0:51:15]} 18. g3 {[%clk 0:25:34]}  Qe7 {[%clk 0:40:53]} 19. h4 {[%clk 0:18:33]}  Bf6 {[%clk 0:41:05]} 20. Nc4 {[%clk 0:15:04]}  Qc7 {[%clk 0:36:34]} 21. Rc1 {[%clk 0:14:15]}  Qb8 {[%clk 0:36:31]} 22. Qe2 {[%clk 0:10:51]}  Rfd8 {[%clk 0:33:27]} 23. Ne5 {[%clk 0:01:05]}  Qd6 {[%clk 0:23:43]} 24. Nc4 {[%clk 0:08:51]}  Qd7 {[%clk 0:23:48]} 25. Ne5 {[%clk 0:06:35]}  Qe7 {[%clk 0:23:23]} 26. Nc4 {[%clk 0:03:37]}  b5 {[%clk 0:18:15]} 27. Ne5 {[%clk 0:03:19]}  Nb6 {[%clk 0:18:19]} 28. Be4 {[%clk 0:01:58]} *

[Event "Masters Tournament (MTO)"]
[Site "Biel, CH"]
[Date "2025.07.16"]
[Round "3"]
[White "Schimnatkowski, Lukas"]
[Black "Talwalkar, Vedant"]
[Result "*"]
[Board "31"]
[WhiteFideId "12936723"]
[BlackFideId "30962498"]
[BlackTitle "FM"]
[WhiteElo "2202"]
[BlackElo "2014"]
[WhiteTeam "GER"]
[BlackTeam "USA"]
[WhiteClock "0:30:00"]
[BlackClock "1:02:50"]
[Variant "Standard"]

1. e4 {[%clk 1:40:56]}  c5 {[%clk 1:40:42]} 2. Nc3 {[%clk 1:41:16]}  Nc6 {[%clk 1:41:04]} 3. Nf3 {[%clk 1:41:41]}  d6 {[%clk 1:41:21]} 4. Bb5 {[%clk 1:41:53]}  e5 {[%clk 1:39:56]} 5. O-O {[%clk 1:40:14]}  Nf6 {[%clk 1:35:00]} 6. Re1 {[%clk 1:40:13]}  a6 {[%clk 1:35:05]} 7. Bc4 {[%clk 1:30:23]}  b5 {[%clk 1:34:10]} 8. Bd5 {[%clk 1:21:22]}  Bb7 {[%clk 1:33:05]} 9. d3 {[%clk 1:18:44]}  b4 {[%clk 1:31:25]} 10. Ng5 {[%clk 1:08:20]}  Nxd5 {[%clk 1:20:04]} 11. Nxd5 {[%clk 1:08:23]}  h6 {[%clk 1:19:06]} 12. Nf3 {[%clk 0:56:56]}  g5 {[%clk 1:16:52]} 13. Nd2 {[%clk 0:51:34]}  Bg7 {[%clk 1:16:31]} 14. Nc4 {[%clk 0:50:50]}  Ne7 {[%clk 1:13:04]} 15. Nxe7 {[%clk 0:46:29]}  Qxe7 {[%clk 1:13:24]} 16. a3 {[%clk 0:45:18]}  bxa3 {[%clk 1:11:10]} 17. Rxa3 {[%clk 0:44:45]}  O-O {[%clk 1:07:53]} 18. Ne3 {[%clk 0:43:16]}  Bc8 {[%clk 1:02:12]} 19. g4 {[%clk 0:35:10]}  Be6 {[%clk 1:01:57]} 20. c4 {[%clk 0:34:52]}  Rfb8 {[%clk 1:00:33]} 21. Ra2 {[%clk 0:33:28]}  Qd7 {[%clk 0:56:21]} 22. Bd2 {[%clk 0:32:54]}  Bf6 {[%clk 0:52:58]} 23. Qf3 {[%clk 0:32:01]}  Kg7 {[%clk 0:53:10]} 24. Rea1 {[%clk 0:31:50]}  Qc8 {[%clk 0:50:44]} 25. Bc3 {[%clk 0:31:38]}  Rb3 {[%clk 0:50:38]} 26. Kg2 {[%clk 0:30:44]}  Bd8 {[%clk 0:49:13]} 27. Nf5+ {[%clk 0:25:12]}  Bxf5 {[%clk 0:49:27]} 28. exf5 {[%clk 0:24:59]}  Bf6 {[%clk 0:49:22]} 29. Qd5 {[%clk 0:24:40]}  Rb6 {[%clk 0:47:48]} 30. Ra4 {[%clk 0:19:23]}  Qc6 {[%clk 0:46:38]} 31. Qxc6 {[%clk 0:16:30]}  Rxc6 {[%clk 0:47:04]} 32. R1a3 {[%clk 0:14:54]}  Rb6 {[%clk 0:42:23]} 33. b4 {[%clk 0:12:13]}  Rab8 {[%clk 0:42:29]} 34. bxc5 {[%clk 0:10:20]}  dxc5 {[%clk 0:42:55]} 35. Bd2 {[%clk 0:06:21]}  Rb1 {[%clk 0:39:10]} 36. Be3 {[%clk 0:07:31]}  Rd1 {[%clk 0:34:35]} 37. Rxa6 {[%clk 0:04:58]}  Rbb1 {[%clk 0:33:32]} 38. Bxc5 {[%clk 0:03:34]}  h5 {[%clk 0:33:55]} 39. h3 {[%clk 0:01:56]}  Rg1+ {[%clk 0:33:15]} 40. Kf3 {[%clk 0:30:00]}  Rh1 {[%clk 1:02:50]} *